[Event "Karlsruhe Grenke op"]
[Site "Karlsruhe"]
[Date "2024.03.30"]
[Round "5"]
[White "Wenninger, Philipp"]
[Black "Parkhov, Yair"]
[Result "0-1"]
[WhiteElo "2348"]
[BlackElo "2518"]
[PlyCount "48"]
[EventDate "2024.03.28"]
[EventType "swiss"]
[EventRounds "9"]
[EventCountry "GER"]
[SourceTitle "CB14_2024"]
[SourceDate "2024.04.01"]
[SourceVersion "1"]
[SourceVersionDate "2024.04.01"]
[SourceQuality "1"]

1. d4 Nf6 2. c4 e6 3. Nf3 d5 4. g3 Bb4+ 5. Bd2 Be7 6. Bg2 0-0 7. 0-0 c6 8. Qc2 Nbd7 9. Rd1 a5 10. Bf4 a4 11. Ne5 h6 12. Nc3 a3 13. b3 g5 14. Nxd7 Nxd7 15. Be5 Qa5 16. f4 b5 17. cxb5 cxb5 18. e4 b4 19. Ne2 Bb7 20. f5 Rac8 21. Qd3 Nxe5 22. dxe5 Bc5+ 23. Kh1 dxe4 24. Bxe4 Qa8 0-1

[Event "ISR-ch op"]
[Site "Acre"]
[Date "2024.01.29"]
[Round "9"]
[White "Ben Ari, Yannay"]
[Black "Parkhov, Yair"]
[Result "1/2-1/2"]
[WhiteElo "2417"]
[BlackElo "2495"]
[PlyCount "122"]
[EventDate "2024.01.21"]
[EventType "swiss"]
[EventRounds "9"]
[EventCountry "ISR"]
[SourceTitle "CB05_2024"]
[SourceDate "2024.01.31"]
[SourceVersion "1"]
[SourceVersionDate "2024.01.31"]
[SourceQuality "1"]

1. c4 e6 2. Nc3 d5 3. d4 Nf6 4. cxd5 exd5 5. Bg5 c6 6. e3 h6 7. Bh4 Be7 8. Bd3 0-0 9. Nge2 a5 10. 0-0 Na6 11. Rc1 Nc7 12. f3 Ne6 13. Kh1 Ng5 14. Qc2 Re8 15. Bf2 c5 16. b3 b6 17. a4 Bb7 18. Qb2 Ne6 19. Nb5 Rc8 20. dxc5 bxc5 21. Rfd1 Qb6 22. Ng3 g6 23. Bf1 Nh7 24. Qb1 h5 25. Ne2 Red8 26. Rd2 Bg5 27. f4 Bh6 28. Rcd1 Nf6 29. Nec3 Ng4 30. f5 Nf8 31. fxg6 Qxg6 32. Bd3 Qg7 33. Bg1 d4 34. Be4 Ba6 35. Nd5 Bxb5 36. Ne7+ Kh8 37. Nf5 Qe5 38. Nxh6 Nxh6 39. exd4 cxd4 40. Rxd4 Bd7 41. Rd5 Qg7 42. Bd4 f6 43. Qa1 Rc6 44. Rxd7 Rxd7 45. Bxc6 Rd6 46. Bf3 h4 47. Bf2 Rxd1+ 48. Qxd1 h3 49. g3 Nd7 50. Bd4 Qg5 51. Kg1 Ne5 52. Be2 Nhf7 53. Qf1 Kg7 54. Qf4 Qg6 55. Bf1 Qb1 56. Qe3 Qf5 57. Be2 Qb1+ 58. Bf1 Qf5 59. Be2 Qb1+ 60. Bf1 Qd1 61. Bc3 Ng5 1/2-1/2

[Event "ISR-ch op"]
[Site "Acre"]
[Date "2024.01.21"]
[Round "1"]
[White "Kharouba, Wasim"]
[Black "Parkhov, Yair"]
[Result "1/2-1/2"]
[WhiteElo "1543"]
[BlackElo "2495"]
[PlyCount "79"]
[EventDate "2024.01.21"]
[EventType "swiss"]
[EventRounds "9"]
[EventCountry "ISR"]
[SourceTitle "CB05_2024"]
[SourceDate "2024.01.31"]
[SourceVersion "1"]
[SourceVersionDate "2024.01.31"]
[SourceQuality "1"]

1. e4 g6 2. d4 Bg7 3. Nf3 d6 4. h3 Nf6 5. Nc3 0-0 6. Be3 a6 7. a4 Nc6 8. Bc4 e6 9. Bb3 b6 10. Qd2 Bb7 11. Bg5 Qe8 12. 0-0 Na5 13. Rfe1 Nxb3 14. cxb3 Nd7 15. Bh6 Qe7 16. Bxg7 Kxg7 17. d5 e5 18. b4 h6 19. Rac1 Rac8 20. Rc2 Nf6 21. b5 a5 22. Na2 Nd7 23. b4 axb4 24. Nxb4 Nc5 25. Nd3 Nxa4 26. Ra2 Nc5 27. Nxc5 bxc5 28. Ra7 Rb8 29. Rb1 Qd7 30. Qc3 Kh7 31. Nd2 f5 32. f3 fxe4 33. fxe4 Rf4 34. Qd3 Rf7 35. Nc4 Qc8 36. Rba1 Qd8 37. Rf1 Qd7 38. Rxf7+ Qxf7 39. b6 h5 40. Qd2 1/2-1/2

[Event "Rilton Cup 51st"]
[Site "Stockholm"]
[Date "2024.01.05"]
[Round "9"]
[White "Parkhov, Yair"]
[Black "Socko, Bartosz"]
[Result "1-0"]
[WhiteElo "2495"]
[BlackElo "2550"]
[PlyCount "79"]
[EventDate "2023.12.27"]
[EventType "swiss"]
[EventRounds "9"]
[EventCountry "SWE"]
[SourceTitle "CB02_2024"]
[SourceDate "2024.01.10"]
[SourceVersion "1"]
[SourceVersionDate "2024.01.10"]
[SourceQuality "1"]

1. d4 Nf6 2. c4 e6 3. Nc3 Bb4 4. a3 Bxc3+ 5. bxc3 0-0 6. f3 Ne8 7. e4 b6 8. h4 Ba6 9. h5 d5 10. h6 g6 11. Nh3 Nc6 12. Bg5 f6 13. Bh4 dxe4 14. fxe4 e5 15. Qa4 Na5 16. c5 Bxf1 17. Rxf1 Qe7 18. Nf2 Rd8 19. Rd1 exd4 20. cxd4 g5 21. Bg3 f5 22. Be5 Qe6 23. Nh3 g4 24. Nf4 Qxh6 25. Ke2 Rf7 26. d5 Nb7 27. Rh1 Nxc5 28. Rxh6 Nxa4 29. Ne6 Rdd7 30. Rdh1 fxe4 31. R1h4 Nc5 32. Rxg4+ Ng7 33. Bxg7 Rxg7 34. Nxg7 Rxg7 35. Rxg7+ Kxg7 36. Rc6 a5 37. Ke3 h5 38. Rxc7+ Kf6 39. Kf4 e3 40. Rc6+ 1-0

[Event "Titled Tuesday intern op 14th Nov Early"]
[Site "Chess.com INT"]
[Date "2023.11.14"]
[Round "1"]
[White "Parkhov, Yair"]
[Black "Vincenti, Leonardo"]
[Result "1-0"]
[WhiteElo "2495"]
[BlackElo "2120"]
[PlyCount "145"]
[EventDate "2023.11.14"]
[EventType "swiss (blitz)"]
[EventRounds "11"]
[EventCountry "USA"]
[SourceTitle "CB47_2023"]
[SourceDate "2023.11.22"]
[SourceVersion "1"]
[SourceVersionDate "2023.11.22"]
[SourceQuality "1"]

1. d4 Nf6 2. c4 g6 3. Nc3 d5 4. cxd5 Nxd5 5. e3 Bg7 6. Nxd5 Qxd5 7. Ne2 0-0 8. Nc3 Qd8 9. Bc4 c6 10. 0-0 Nd7 11. f4 Nb6 12. Bb3 Bf5 13. Qe2 Qd7 14. Bd2 Rad8 15. Be1 Be6 16. Bxe6 Qxe6 17. Bh4 Nc4 18. Rfe1 Nxe3 19. Bf2 Nf5 20. Qxe6 fxe6 21. Rxe6 Bxd4 22. Rae1 Bxf2+ 23. Kxf2 Rd2+ 24. R6e2 Rfd8 25. g4 Ng7 26. Ne4 Rxe2+ 27. Rxe2 Rd4 28. Ke3 Rb4 29. Rd2 Ne6 30. b3 a5 31. f5 Nc7 32. Rd8+ Kf7 33. Ng5+ Kg7 34. Kf3 h6 35. Ne4 Nd5 36. Ra8 Rd4 37. Rxa5 Rd3+ 38. Kf2 gxf5 39. gxf5 Re3 40. Ng3 Rc3 41. Ne4 Rc2+ 42. Kg3 Ne3 43. Re5 Nd5 44. Re6 Rxa2 45. Rg6+ Kf7 46. Rxh6 Ra3 47. Ng5+ Kg7 48. Rg6+ Kf8 49. Ne6+ Kf7 50. Rg7+ Kf6 51. Rg6+ Kxf5 52. Rh6 Rxb3+ 53. Kh4 Nf4 54. Nd4+ Ke4 55. Nxb3 Ng2+ 56. Kg3 Nf4 57. Rh4 e5 58. Nd2+ Kd3 59. Nf3 Ne2+ 60. Kf2 e4 61. Ne5+ Kd2 62. Rxe4 Nc3 63. Nf3+ Kc2 64. Rc4 Kb3 65. Rxc3+ Kxc3 66. h4 b5 67. h5 b4 68. h6 b3 69. h7 b2 70. h8Q+ Kb3 71. Qh7 Ka2 72. Nd2 c5 73. Qa7# 1-0

[Event "Titled Tuesday intern op 29th Aug Early"]
[Site "Chess.com INT"]
[Date "2023.08.29"]
[Round "6"]
[White "Parkhov, Yair"]
[Black "Janaszak, Dawid"]
[Result "1-0"]
[WhiteElo "2489"]
[BlackElo "2302"]
[PlyCount "65"]
[EventDate "2023.08.29"]
[EventType "swiss (blitz)"]
[EventRounds "11"]
[EventCountry "USA"]
[SourceTitle "EXT 2024"]
[Source "ChessBase"]
[SourceDate "2023.10.10"]
[SourceVersion "1"]
[SourceVersionDate "2023.10.10"]
[SourceQuality "1"]

1. e4 c5 2. Nf3 Nc6 3. d4 cxd4 4. Nxd4 g6 5. c4 Bg7 6. Be3 Qb6 7. Nb3 Qd8 8. Nc3 Bxc3+ 9. bxc3 Nf6 10. f3 d6 11. c5 d5 12. Bb5 0-0 13. Bxc6 bxc6 14. e5 Nd7 15. Bd4 Ba6 16. f4 e6 17. Qg4 Rb8 18. h4 h5 19. Qg5 Bc4 20. Qh6 a5 21. Nd2 Bd3 22. Nf3 f6 23. g4 Rb2 24. gxh5 Re2+ 25. Kd1 Rg2 26. Ng5 fxg5 27. hxg6 Qe7 28. hxg5 Qg7 29. Qh3 Be4 30. Qxe6+ Rf7 31. gxf7+ Qxf7 32. Rh8+ Kg7 33. Qh6# 1-0

[Event "Titled Tuesday intern op 29th Aug Early"]
[Site "Chess.com INT"]
[Date "2023.08.29"]
[Round "5"]
[White "Terry, Renato"]
[Black "Parkhov, Yair"]
[Result "1-0"]
[WhiteElo "2520"]
[BlackElo "2489"]
[PlyCount "263"]
[EventDate "2023.08.29"]
[EventType "swiss (blitz)"]
[EventRounds "11"]
[EventCountry "USA"]
[SourceTitle "EXT 2024"]
[Source "ChessBase"]
[SourceDate "2023.10.10"]
[SourceVersion "1"]
[SourceVersionDate "2023.10.10"]
[SourceQuality "1"]

1. e4 c6 2. Nf3 d5 3. exd5 cxd5 4. Ne5 Nf6 5. d4 Nc6 6. Bb5 Bd7 7. Bxc6 Bxc6 8. 0-0 g6 9. Re1 Bg7 10. b3 0-0 11. Ba3 Re8 12. Nd2 Rc8 13. c3 b6 14. Qf3 Bb7 15. h4 Qc7 16. Rac1 e6 17. Qf4 Nh5 18. Qe3 f6 19. Nd3 Bh8 20. g4 Ng7 21. Qh6 Qf7 22. Nf3 Ba6 23. Re3 Bxd3 24. Rxd3 Rc6 25. Kg2 Rec8 26. Re3 Ne8 27. Qf4 Bg7 28. Rc2 Qc7 29. Qxc7 Nxc7 30. Bb2 Kf7 31. a4 Ne8 32. Rce2 Nc7 33. Kf1 b5 34. axb5 Nxb5 35. Kg2 h6 36. c4 Nc7 37. c5 g5 38. hxg5 hxg5 39. Ne1 e5 40. dxe5 Ne6 41. exf6 Nf4+ 42. Kf1 Bxf6 43. Rd2 Rh8 44. Nf3 Rh1+ 45. Ng1 Bxb2 46. Rxb2 Rxc5 47. Rb1 d4 48. Re4 d3 49. Rd4 Rxg1+ 50. Kxg1 Ne2+ 51. Kg2 Nxd4 52. Rd1 Nxb3 53. Rxd3 Rb5 54. Rd7+ Ke6 55. Rxa7 Nc5 56. Kf3 Nd3 57. Ke3 Nf4 58. Ra8 Rb3+ 59. Ke4 Rb4+ 60. Ke3 Nd5+ 61. Kf3 Rf4+ 62. Kg3 Nf6 63. f3 Rb4 64. Ra6+ Kf7 65. Ra7+ Kg6 66. Ra6 Rb2 67. Rc6 Kf7 68. Rc5 Kg6 69. Rc6 Rd2 70. Ra6 Kf7 71. Ra5 Nd5 72. Ra7+ Ke6 73. Ra6+ Ke5 74. Ra5 Kd4 75. Rb5 Ke3 76. Ra5 Ke2 77. Rb5 Kf1 78. Rb1+ Ke2 79. Rb5 Ke3 80. Rb3+ Kd4 81. Rb5 Kc4 82. Ra5 Kb4 83. Ra1 Ne3 84. Rb1+ Kc4 85. Rg1 Kd4 86. f4 gxf4+ 87. Kxf4 Nd5+ 88. Kg5 Rf2 89. Rd1+ Ke5 90. Re1+ Kd6 91. Kg6 Nf4+ 92. Kg5 Ne6+ 93. Kg6 Ke7 94. Re4 Rg2 95. Ra4 Rg1 96. Rb4 Kd6 97. Re4 Kd5 98. Ra4 Nd4 99. Ra5+ Ke4 100. g5 Ne6 101. Kf6 Nf4 102. Ra4+ Kf3 103. Kf5 Nh3 104. Ra3+ Kg2 105. g6 Rf1+ 106. Ke6 Nf4+ 107. Kf7 Nd5+ 108. Kg8 Ne7+ 109. Kg7 Nf5+ 110. Kh8 Rh1+ 111. Kg8 Rh6 112. Kf7 Nd6+ 113. Kg7 Nf5+ 114. Kf7 Nd6+ 115. Kf6 Ne4+ 116. Kf5 Ng3+ 117. Kg5 Rh5+ 118. Kg4 Rh6 119. Rxg3+ Kf2 120. Rf3+ Kg2 121. Rf6 Rh8 122. g7 Rg8 123. Rf7 Kh2 124. Kg5 Kg3 125. Kg6 Kg4 126. Kh7 Rc8 127. g8Q+ Kh5 128. Qg6+ Kh4 129. Rf4+ Kh3 130. Qg4+ Kh2 131. Rf2+ Kh1 132. Qg2# 1-0

[Event "Arad op 16th"]
[Site "Arad"]
[Date "2023.08.08"]
[Round "2"]
[White "Parkhov, Yair"]
[Black "Szalay Ocsak, Bank"]
[Result "1-0"]
[WhiteElo "2489"]
[BlackElo "2182"]
[PlyCount "63"]
[EventDate "2023.08.07"]
[EventType "swiss"]
[EventRounds "9"]
[EventCountry "ROU"]
[SourceTitle "EXT 2024"]
[Source "ChessBase"]
[SourceDate "2023.10.10"]
[SourceVersion "1"]
[SourceVersionDate "2023.10.10"]
[SourceQuality "1"]

1. d4 Nf6 2. c4 e6 3. Nf3 d5 4. Nc3 Bb4 5. cxd5 exd5 6. Bg5 h6 7. Bh4 g5 8. Bg3 Ne4 9. Nd2 Nxg3 10. hxg3 Nc6 11. e3 Kf8 12. Qb3 Kg7 13. Rc1 Be6 14. a3 Bxc3 15. Qxc3 Qf6 16. Be2 Rad8 17. g4 Ne7 18. Nf1 Bd7 19. Ng3 Qc6 20. Qd2 Qd6 21. 0-0 Ng8 22. Nh5+ Kf8 23. Qa5 Nf6 24. Nxf6 Qxf6 25. Qxc7 Kg7 26. Qxb7 h5 27. gxh5 Be6 28. Qc7 g4 29. Qg3 Rxh5 30. f3 Rdh8 31. Kf2 Rg5 32. f4 1-0

[Event "Arad op 16th"]
[Site "Arad"]
[Date "2023.08.07"]
[Round "1"]
[White "Klaas, Heiko"]
[Black "Parkhov, Yair"]
[Result "0-1"]
[WhiteElo "1950"]
[BlackElo "2489"]
[PlyCount "74"]
[EventDate "2023.08.07"]
[EventType "swiss"]
[EventRounds "9"]
[EventCountry "ROU"]
[SourceTitle "EXT 2024"]
[Source "ChessBase"]
[SourceDate "2023.10.10"]
[SourceVersion "1"]
[SourceVersionDate "2023.10.10"]
[SourceQuality "1"]

1. e4 g6 2. d4 Bg7 3. Bc4 c6 4. Bb3 d5 5. exd5 cxd5 6. Nf3 Nf6 7. 0-0 0-0 8. Re1 Nc6 9. c3 Bg4 10. h3 Bxf3 11. Qxf3 Rc8 12. Nd2 b5 13. a3 a5 14. Qd3 Qb6 15. Nf3 e6 16. Bf4 Ne4 17. Rxe4 dxe4 18. Qxe4 b4 19. Rb1 Qb5 20. Bd6 Rfe8 21. Bc5 Bf8 22. c4 Qb7 23. Bxf8 Rxf8 24. d5 Ne7 25. Ne5 exd5 26. cxd5 Nf5 27. Nc6 Rfe8 28. Qd3 Qb6 29. axb4 axb4 30. Rd1 Rc7 31. Qc4 Nd6 32. Qf4 Re2 33. Rf1 Qc5 34. Bd1 Re4 35. Qg5 Rxc6 36. Qd8+ Re8 37. Qf6 Ra6 0-1

[Event "Timisoara Foisor Memorial Rapid"]
[Site "Timisoara"]
[Date "2023.08.06"]
[Round "7"]
[White "Parkhov, Yair"]
[Black "Bernadskiy, Vitaliy"]
[Result "0-1"]
[WhiteElo "2489"]
[BlackElo "2530"]
[PlyCount "64"]
[EventDate "2023.08.05"]
[EventType "swiss (rapid)"]
[EventRounds "10"]
[EventCountry "ROU"]
[SourceTitle "CBM 215 Extra"]
[Source "ChessBase"]
[SourceDate "2023.09.30"]
[SourceVersion "1"]
[SourceVersionDate "2023.09.30"]
[SourceQuality "1"]

1. d4 Nf6 2. c4 e6 3. Nc3 Bb4 4. e3 c5 5. Nge2 cxd4 6. exd4 0-0 7. a3 Be7 8. d5 exd5 9. cxd5 Bc5 10. b4 Bd6 11. g3 a5 12. b5 Be5 13. Bg2 d6 14. 0-0 Nbd7 15. Nd4 Nc5 16. Rb1 Re8 17. h3 a4 18. Rb4 Nb3 19. Nxb3 Bxc3 20. Rc4 Be5 21. Nd4 Bd7 22. Rb4 Qc8 23. g4 Qc5 24. Nc6 Bc3 25. g5 bxc6 26. bxc6 Bc8 27. Rh4 Ba6 28. Qc2 Bxf1 29. Bxf1 Re1 30. gxf6 g6 31. Be3 Qb5 32. Qxc3 Qxf1+ 0-1

[Event "Timisoara Foisor Memorial Rapid"]
[Site "Timisoara"]
[Date "2023.08.05"]
[Round "1"]
[White "Parkhov, Yair"]
[Black "Costache, Andrei Eugeniu"]
[Result "1-0"]
[WhiteElo "2489"]
[BlackElo "1744"]
[PlyCount "73"]
[EventDate "2023.08.05"]
[EventType "swiss (rapid)"]
[EventRounds "10"]
[EventCountry "ROU"]
[SourceTitle "CBM 215 Extra"]
[Source "ChessBase"]
[SourceDate "2023.09.30"]
[SourceVersion "1"]
[SourceVersionDate "2023.09.30"]
[SourceQuality "1"]

1. d4 d5 2. c4 e6 3. Nf3 c6 4. Bg5 Be7 5. Bxe7 Qxe7 6. e3 Nd7 7. Nc3 f5 8. Bd3 Ngf6 9. cxd5 Nxd5 10. Nxd5 cxd5 11. 0-0 0-0 12. Rc1 e5 13. dxe5 Nxe5 14. Bc2 Nxf3+ 15. Qxf3 Be6 16. Bb3 Rad8 17. Rfd1 Qd6 18. Rd4 Rf7 19. Rcd1 Rfd7 20. h4 Qe5 21. g3 g6 22. a3 Kg7 23. Ba2 Qd6 24. Kg2 Qc5 25. h5 Rd6 26. Qf4 Kf6 27. hxg6 hxg6 28. Qh4+ Kf7 29. Qh7+ Kf6 30. g4 fxg4 31. Bb1 Bf5 32. Bxf5 gxf5 33. Rh1 R6d7 34. Rh6+ Ke5 35. Qg6 Qe7 36. Qh5 g3 37. f4# 1-0

[Event "Belgrade Serbia op"]
[Site "Belgrade"]
[Date "2023.07.24"]
[Round "9"]
[White "Parkhov, Yair"]
[Black "Jocev, Milan"]
[Result "1-0"]
[WhiteElo "2484"]
[BlackElo "2321"]
[PlyCount "63"]
[EventDate "2023.07.16"]
[EventType "swiss"]
[EventRounds "9"]
[EventCountry "SRB"]
[SourceTitle "CBM 215 Extra"]
[Source "ChessBase"]
[SourceDate "2023.09.30"]
[SourceVersion "1"]
[SourceVersionDate "2023.09.30"]
[SourceQuality "1"]

1. d4 d5 2. c4 c6 3. Nf3 Nf6 4. e3 Bf5 5. Nc3 e6 6. Nh4 Be4 7. f3 Bg6 8. Bd2 Nbd7 9. cxd5 exd5 10. Nxg6 hxg6 11. Bd3 c5 12. Qe2 a6 13. 0-0-0 Qc7 14. Kb1 0-0-0 15. g4 c4 16. Bc2 Nb6 17. a3 Bd6 18. e4 dxe4 19. fxe4 Bf4 20. g5 Nh5 21. Be1 Kb8 22. Bh4 f6 23. gxf6 gxf6 24. Qf3 g5 25. Bf2 Bd6 26. h4 gxh4 27. Bxh4 Rdf8 28. Bf2 Nf4 29. Be3 Rxh1 30. Rxh1 Ne6 31. Qf5 Ng7 32. Qg6 1-0

[Event "Belgrade Serbia op"]
[Site "Belgrade"]
[Date "2023.07.19"]
[Round "4"]
[White "Omorjan, Dejan"]
[Black "Parkhov, Yair"]
[Result "0-1"]
[WhiteElo "2314"]
[BlackElo "2484"]
[PlyCount "68"]
[EventDate "2023.07.16"]
[EventType "swiss"]
[EventRounds "9"]
[EventCountry "SRB"]
[SourceTitle "CBM 215 Extra"]
[Source "ChessBase"]
[SourceDate "2023.09.30"]
[SourceVersion "1"]
[SourceVersionDate "2023.09.30"]
[SourceQuality "1"]

1. d4 d5 2. Nf3 Nf6 3. Bf4 c5 4. e3 Qb6 5. Nc3 Bd7 6. dxc5 Qxc5 7. Bd3 g6 8. Qd2 Bg7 9. h3 0-0 10. 0-0 Nc6 11. a3 Qa5 12. b4 Qd8 13. Rad1 Qc8 14. e4 dxe4 15. Nxe4 Nxe4 16. Bxe4 Bf5 17. Bxc6 Qxc6 18. Nd4 Qd7 19. Nxf5 Qxf5 20. c4 b6 21. Bh6 Bxh6 22. Qxh6 Rac8 23. Qh4 e6 24. Rd7 Qc2 25. Rxa7 Rxc4 26. Qf6 Qd2 27. Qf3 Rd4 28. Qb7 Rd6 29. Ra6 Qd4 30. Rc1 h5 31. Rc6 Qa1+ 32. Kh2 Qe5+ 33. g3 Rd2 34. Qxb6 h4 0-1

[Event "Titled Tuesday intern op 11th Jul Early"]
[Site "Chess.com INT"]
[Date "2023.07.11"]
[Round "4"]
[White "Daurimbetov, Azamat"]
[Black "Parkhov, Yair"]
[Result "1-0"]
[WhiteElo "2139"]
[BlackElo "2484"]
[PlyCount "123"]
[EventDate "2023.07.11"]
[EventType "swiss (blitz)"]
[EventRounds "11"]
[EventCountry "USA"]
[SourceTitle "EXT 2024"]
[Source "ChessBase"]
[SourceDate "2023.10.10"]
[SourceVersion "1"]
[SourceVersionDate "2023.10.10"]
[SourceQuality "1"]

1. e4 e5 2. Nf3 Nc6 3. Bc4 Nf6 4. d3 Be7 5. Bb3 0-0 6. c3 d6 7. Nbd2 Kh8 8. Ng5 Qe8 9. 0-0 h6 10. Ngf3 Nh7 11. d4 Bf6 12. dxe5 Nxe5 13. Nd4 Nc6 14. Nxc6 bxc6 15. Re1 Rb8 16. Nf3 Bg4 17. h3 Bh5 18. Bf4 Ng5 19. Bxg5 Bxg5 20. g4 Bg6 21. Nxg5 hxg5 22. Qd2 Qe5 23. Qd4 c5 24. Qxe5 dxe5 25. Rad1 Rfd8 26. f3 f6 27. Kf2 Be8 28. Ke3 g6 29. Rxd8 Rxd8 30. Rd1 Rd6 31. Rxd6 cxd6 32. Kd3 Kg7 33. Kc4 Kf8 34. Bc2 Ke7 35. b4 Bf7+ 36. Kb5 cxb4 37. c4 Kd7 38. Kxb4 Kc6 39. Ba4+ Kb6 40. Bd7 a5+ 41. Kc3 Kc5 42. Bb5 Be6 43. Ba6 f5 44. exf5 gxf5 45. a3 f4 46. Kd3 Bd7 47. Bb7 Ba4 48. Bd5 Bd1 49. Kd2 Bb3 50. Kc3 Ba2 51. Be6 e4 52. fxe4 f3 53. Kd3 f2 54. Ke2 Bxc4+ 55. Bxc4 Kxc4 56. h4 gxh4 57. g5 d5 58. g6 d4 59. g7 d3+ 60. Kxf2 Kb3 61. g8Q+ Kc2 62. Qc4+ 1-0

[Event "Titled Tuesday intern op 11th Jul Early"]
[Site "Chess.com INT"]
[Date "2023.07.11"]
[Round "3"]
[White "Parkhov, Yair"]
[Black "Luo, Terry"]
[Result "1-0"]
[WhiteElo "2484"]
[BlackElo "2365"]
[PlyCount "43"]
[EventDate "2023.07.11"]
[EventType "swiss (blitz)"]
[EventRounds "11"]
[EventCountry "USA"]
[SourceTitle "EXT 2024"]
[Source "ChessBase"]
[SourceDate "2023.10.10"]
[SourceVersion "1"]
[SourceVersionDate "2023.10.10"]
[SourceQuality "1"]

1. e4 c5 2. Nf3 d6 3. d4 cxd4 4. Nxd4 Nf6 5. Nc3 Nc6 6. Bg5 e6 7. Qd3 Be7 8. 0-0-0 a6 9. f4 Bd7 10. Be2 Rc8 11. Nf3 b5 12. e5 Nb4 13. Qd4 Nfd5 14. exd6 Bxg5 15. Nxg5 Nxc3 16. bxc3 Nxa2+ 17. Kb2 Nxc3 18. Qxg7 Rf8 19. Bh5 Na4+ 20. Ka1 Qxg5 21. Qxg5 Rc5 22. Qe7# 1-0

[Event "Munich Pfingst op-A 1st"]
[Site "Munich"]
[Date "2023.06.06"]
[Round "9"]
[White "Parkhov, Yair"]
[Black "Fedorovsky, Michael"]
[Result "0-1"]
[WhiteElo "2505"]
[BlackElo "2387"]
[PlyCount "60"]
[EventDate "2023.05.31"]
[EventType "swiss"]
[EventRounds "9"]
[EventCountry "GER"]
[SourceTitle "EXT 2024"]
[Source "ChessBase"]
[SourceDate "2023.10.10"]
[SourceVersion "1"]
[SourceVersionDate "2023.10.10"]
[SourceQuality "1"]

1. d4 Nf6 2. c4 e6 3. Nc3 Bb4 4. f3 d5 5. a3 Be7 6. e4 dxe4 7. fxe4 c5 8. d5 0-0 9. e5 Nfd7 10. Nf3 exd5 11. cxd5 Nxe5 12. Nxe5 Bh4+ 13. g3 Re8 14. gxh4 Rxe5+ 15. Kd2 Nc6 16. Kc2 Bf5+ 17. Bd3 Rxd5 18. Nxd5 Qxd5 19. Bxf5 Qxf5+ 20. Qd3 Nd4+ 21. Kc3 Qe6 22. Rd1 Rd8 23. Qc4 Qe4 24. Rd3 b5 25. Qxc5 Ne2+ 26. Kb3 Rxd3+ 27. Ka2 Qe6+ 28. Kb1 Nxc1 29. Qxc1 Qe4 30. Ka2 Qd5+ 0-1

[Event "Munich Pfingst op-A 1st"]
[Site "Munich"]
[Date "2023.06.04"]
[Round "6"]
[White "Kjartansson, Gudmundur"]
[Black "Parkhov, Yair"]
[Result "1-0"]
[WhiteElo "2402"]
[BlackElo "2505"]
[PlyCount "163"]
[EventDate "2023.05.31"]
[EventType "swiss"]
[EventRounds "9"]
[EventCountry "GER"]
[SourceTitle "CBM 214 Extra"]
[Source "ChessBase"]
[SourceDate "2023.07.31"]
[SourceVersion "1"]
[SourceVersionDate "2023.07.31"]
[SourceQuality "1"]

1. d4 Nf6 2. c4 e6 3. Nf3 d5 4. Nc3 Bb4 5. Qa4+ Nc6 6. e3 0-0 7. Qc2 Na5 8. c5 b6 9. a3 Bxc3+ 10. Qxc3 e5 11. dxe5 Ne4 12. Qc2 bxc5 13. b4 Nb7 14. Ba6 Rb8 15. 0-0 Bf5 16. Rd1 c6 17. bxc5 Bg6 18. Bxb7 Ng5 19. e4 Nxf3+ 20. gxf3 Rxb7 21. Qe2 Rd7 22. Bf4 Bh5 23. Ra2 dxe4 24. Rxd7 Qxd7 25. Qxe4 Bg6 26. Qe3 Qd1+ 27. Kg2 Bd3 28. Qc1 Qa4 29. Qe3 Bc4 30. Rd2 Qa6 31. Bh6 Bf1+ 32. Kh1 gxh6 33. e6 Qc8 34. e7 Re8 35. Rd4 f5 36. Rd1 Kf7 37. Rxf1 Qe6 38. Qxe6+ Kxe6 39. Rd1 Rxe7 40. Rd6+ Ke5 41. Rxc6 Kf4 42. Kg2 h5 43. Rh6 Rg7+ 44. Kf1 Rc7 45. c6 Kxf3 46. Rxh5 Ke4 47. Rh6 Kd5 48. Ke2 Rxc6 49. Rxh7 Rc2+ 50. Kf1 a5 51. Ra7 Rc5 52. h4 Ke4 53. Kg2 f4 54. f3+ Kd4 55. Kh3 Rc3 56. Kg4 Rxa3 57. h5 Ra1 58. Kxf4 a4 59. h6 a3 60. h7 Rh1 61. Rxa3 Rxh7 62. Ra5 Rf7+ 63. Kg4 Ke3 64. Re5+ Kd4 65. f4 Rg7+ 66. Kf5 Rf7+ 67. Kg5 Rf8 68. Re6 Rg8+ 69. Rg6 Rf8 70. f5 Kd5 71. Ra6 Ke5 72. Re6+ Kd4 73. Kg6 Kd5 74. Re7 Kd6 75. f6 Rg8+ 76. Kf7 Rg1 77. Ra7 Rh1 78. Kf8 Ke6 79. f7 Rb1 80. Ra6+ Kd7 81. Kg7 Rg1+ 82. Rg6 1-0

[Event "Munich Pfingst op-A 1st"]
[Site "Munich"]
[Date "2023.06.03"]
[Round "4"]
[White "Herbrig, Alexander"]
[Black "Parkhov, Yair"]
[Result "0-1"]
[WhiteElo "2235"]
[BlackElo "2505"]
[PlyCount "92"]
[EventDate "2023.05.31"]
[EventType "swiss"]
[EventRounds "9"]
[EventCountry "GER"]
[SourceTitle "CBM 214 Extra"]
[Source "ChessBase"]
[SourceDate "2023.07.31"]
[SourceVersion "1"]
[SourceVersionDate "2023.07.31"]
[SourceQuality "1"]

1. d4 g6 2. c4 Bg7 3. Nc3 d6 4. e4 e5 5. Nf3 exd4 6. Nxd4 Nc6 7. Be3 Nge7 8. Be2 0-0 9. 0-0 f5 10. exf5 Bxd4 11. Bxd4 Nxf5 12. Be3 Nxe3 13. fxe3 Be6 14. Rxf8+ Qxf8 15. Nd5 Bxd5 16. Qxd5+ Kg7 17. b4 Qe7 18. e4 Rf8 19. Rf1 Rxf1+ 20. Bxf1 Qe5 21. Qxe5+ dxe5 22. a3 a5 23. b5 Nd4 24. Kf2 Kf6 25. Ke3 Ke7 26. Kd3 Kd6 27. Be2 Ne6 28. g3 Nc5+ 29. Ke3 Na4 30. Kd3 Kc5 31. h3 Nb6 32. Kc3 Nc8 33. Bf1 Nd6 34. Bd3 g5 35. h4 g4 36. a4 h6 37. Bc2 Nxc4 38. Bb3 Nd6 39. Kd3 Ne8 40. Be6 Nf6 41. Bb3 Kb4 42. Bc2 c6 43. bxc6 bxc6 44. Kd2 Kc4 45. Ke3 Kc3 46. Bd1 c5 0-1

[Event "Munich Pfingst op-A 1st"]
[Site "Munich"]
[Date "2023.06.03"]
[Round "5"]
[White "Parkhov, Yair"]
[Black "Perkampus, Laurin"]
[Result "1-0"]
[WhiteElo "2505"]
[BlackElo "2165"]
[PlyCount "131"]
[EventDate "2023.05.31"]
[EventType "swiss"]
[EventRounds "9"]
[EventCountry "GER"]
[SourceTitle "CBM 214 Extra"]
[Source "ChessBase"]
[SourceDate "2023.07.31"]
[SourceVersion "1"]
[SourceVersionDate "2023.07.31"]
[SourceQuality "1"]

1. c4 Nf6 2. Nf3 g6 3. Nc3 c5 4. e4 Nc6 5. d4 cxd4 6. Nxd4 d6 7. Be2 Bg7 8. Be3 Bd7 9. Qd2 Rc8 10. f3 a6 11. 0-0 0-0 12. Rfd1 Nxd4 13. Bxd4 Be6 14. b3 Nd7 15. Bxg7 Kxg7 16. Rac1 a5 17. Kh1 Nc5 18. Nb5 Qb6 19. Rf1 Bd7 20. Nd4 Bc6 21. Bd1 Qb4 22. Qg5 f6 23. Qe3 e5 24. Nc2 Qb6 25. Be2 Qc7 26. Rcd1 Rcd8 27. Rd2 Rd7 28. Rfd1 Rfd8 29. Bf1 Rf8 30. Na3 Ne6 31. Nb1 Nc5 32. Nc3 Ne6 33. Bd3 Nc5 34. Bc2 Ne6 35. Ne2 Re8 36. a3 b6 37. b4 axb4 38. axb4 Ra8 39. Bb3 Ra3 40. Rd3 Ba4 41. Bxa4 Rxa4 42. Nc3 Rxb4 43. Nd5 Qxc4 44. Nxb6 Rxb6 45. Qxb6 Nd4 46. Qb2 Rc7 47. h3 h5 48. Qa3 Qe6 49. Qa5 Qc4 50. Qa8 Rc8 51. Qa3 Qc6 52. Rb1 Rc7 53. Rdd1 Qd7 54. Rdc1 Ra7 55. Qb2 Ne6 56. Qb8 Nf4 57. Rc8 Kh6 58. h4 Kg7 59. Rg8+ Kf7 60. Qf8+ Ke6 61. Rb8 Qf7 62. Re8+ Re7 63. Rxe7+ Qxe7 64. Qc8+ Kf7 65. Rh8 f5 66. Rh7+ 1-0